| 000 | 00461nam a2200157Ia 4500 | ||
|---|---|---|---|
| 008 | 210210b1998 xxu||||| |||| 00| 0 eng d | ||
| 020 | _a81 207 1937 9 | ||
| 082 | _a321.8 BHAW | ||
| 100 | _aBHAGWAN (Vishnoo) and BHUSHAN (Vidya). | ||
| 245 | _aWorld constitutions. (revised and enlarged edition). Ed 7. | ||
| 250 | _a | ||
| 260 |
_aNew Delhi. _bSterling Publishers Pvt Ltd., _c1998 |
||
| 300 | _axi,170,13 | ||
| 690 | _aModern Governments | ||
| 906 | _a057483 | ||
| 999 |
_c104963 _d104963 |
||